00411nam a22001457a 450000500170000000800410001702000150005804100120007308200120008510000120009724500520010926000500016130000290021165000250024020240816074103.0240816b |||||||| |||| 00| 0 eng d a1405703601 aEnglish a349 ALL lEnglish aThe All England Law Reports: Annual Review 2004 aLondon: bButterworth and Company Ltd,c2005  bxi, 447 pages; c25 cm.  aLegal practice bLaw